000 01034nam a22002537a 4500
005 20080616164614.0
008 080616t xxu||||| |||| 00| 0 eng d
010 _aENG-90323
020 _a8178242338
_c495.00
035 _aEN-73856
037 _bDBAD / VEN
040 _aDPL
_bEN
082 _a325.3410954
100 _aGupta, Partha Sarathi
245 _aPower, politics and the people:
_cby Partha Sarathi Gupta; introduction by Sabyasachi Bhattacharya
_bstudies in British imperialism and Indian nationalism /
260 _aRanikhet
_bPermanent Balck
_c2008
260 _bOrient Longman (Distributor)
270 _a'Himalayana' Mall Road, Ranikhet Cantt,
_bRanikhet
_e263645
300 _aviii, 528p.
_c23 cm (pbk)
500 _aIncludes index
700 _aBhattaharya, Sabyasachi
942 _cEN
_h325.3410954
_2ddc
_mGUP
999 _c13714
_d13714